Escritos reunidos / (Registro nro. 13826)

Detalles MARC
000 -LEADER
fixed length control field 01441nam a2200361 a 4500
001 - CONTROL NUMBER
control field 000048283
003 - CONTROL NUMBER IDENTIFIER
control field DO-SdBNP
005 - DATE AND TIME OF LATEST TRANSACTION
control field 20240409093910.0
008 - FIXED-LENGTH DATA ELEMENTS--GENERAL INFORMATION
fixed length control field 181212s2009 dr a r 000 0 spa d
020 ## - INTERNATIONAL STANDARD BOOK NUMBER
International Standard Book Number 9789945020731 (v.1)
020 ## - INTERNATIONAL STANDARD BOOK NUMBER
International Standard Book Number 9789945020748 (v.2)
020 ## - INTERNATIONAL STANDARD BOOK NUMBER
International Standard Book Number 9789945020755(v.3)
040 ## - CATALOGING SOURCE
Original cataloging agency DO-SdBNP
Language of cataloging spa
Transcribing agency BPMSU
082 #4 - DEWEY DECIMAL CLASSIFICATION NUMBER
Classification number RD868.3
Item number C352e 2009
Edition number 22
100 1# - MAIN ENTRY--PERSONAL NAME
Personal name Castillo, Rafael Justino,
Dates associated with a name 1861-1933
245 10 - TITLE STATEMENT
Title Escritos reunidos /
Statement of responsibility, etc. Rafael J. Castillo; editor Andrés Blanco Díaz.
Remainder of title
260 ## - PUBLICATION, DISTRIBUTION, ETC. (IMPRINT)
Place of publication, distribution, etc. Santo Domingo :
Name of publisher, distributor, etc. Archivo General de la Nación,
Date of publication, distribution, etc. 2009.
300 ## - PHYSICAL DESCRIPTION
Extent 3 v. . ;
Dimensions 23 cm.
Other physical details
490 0# - SERIES STATEMENT
Series statement Archivo General de la Nación,
Volume/sequential designation 97-99
500 ## - GENERAL NOTE
General note Incluye referencias bibliográficas y notas al pie de las páginas
500 ## - GENERAL NOTE
General note Incluye índice onomástico
505 #4 - FORMATTED CONTENTS NOTE
Formatted contents note 1. Ensayos, 1887-1907 - 2. Ensayos, 1908-1932 - 3. Artículos, 1888-1931.<br/>
590 ## - LOCAL NOTE (RLIN)
Local note Inventariado, 2021/VM
600 14 - SUBJECT ADDED ENTRY--PERSONAL NAME
Personal name Castillo, Rafael Justino,
Dates associated with a name 1861-1933
Form subdivision Colecciones de escritos
650 #4 - SUBJECT ADDED ENTRY--TOPICAL TERM
Topical term or geographic name as entry element Ensayos dominicanos
651 #4 - SUBJECT ADDED ENTRY--GEOGRAPHIC NAME
Geographic name República Dominicana
General subdivision Historia
Chronological subdivision 1887-1907
651 #4 - SUBJECT ADDED ENTRY--GEOGRAPHIC NAME
Geographic name República Dominicana
General subdivision Historia
Chronological subdivision 1908-1932
651 #4 - SUBJECT ADDED ENTRY--GEOGRAPHIC NAME
Geographic name República Dominicana
General subdivision Historia
Form subdivision Ensayos, conferencias, etc.
Chronological subdivision 1888-1931
700 1# - ADDED ENTRY--PERSONAL NAME
Personal name Blanco Díaz, Andrés
Relator term ed.
710 2# - ADDED ENTRY--CORPORATE NAME
Corporate name or jurisdiction name as entry element Archivo General de la Nación (República Dominicana)
910 ## - USER-OPTION DATA (OCLC)
User-option data VMateo V. Control de calidad. BPMSU
942 ## - ADDED ENTRY ELEMENTS (KOHA)
Source of classification or shelving scheme Dewey Decimal Classification
Koha item type Libros
Existencias
Withdrawn status Lost status Source of classification or shelving scheme Damaged status Not for loan Collection code Home library Current library Date acquired Source of acquisition Total Checkouts Full call number Barcode Date last seen Copy number Price effective from Koha item type
    Dewey Decimal Classification     Colección Dominicana Biblioteca Pública Metropolitana Salomé Ureña Biblioteca Pública Metropolitana Salomé Ureña 11/01/2021 AGN   BPMSU CD RD868.3 C352e 2009 BPMSU21110006 11/01/2021 v.1 11/01/2021 Libros
    Dewey Decimal Classification     Colección Dominicana Biblioteca Pública Metropolitana Salomé Ureña Biblioteca Pública Metropolitana Salomé Ureña 11/01/2021 AGN   BPMSU CD RD868.3 C352e 2009 BPMSU21110007 11/01/2021 v.2 11/01/2021 Libros
    Dewey Decimal Classification     Colección Dominicana Biblioteca Pública Metropolitana Salomé Ureña Biblioteca Pública Metropolitana Salomé Ureña 11/01/2021 AGN   BPMSU CD RD868.3 C352e 2009 BPMSU21110008 11/01/2021 v.3 11/01/2021 Libros